000 00563nam a2200229Ia 4500
003 OSt
005 20220924152720.0
006 a|||||r|||| 00| 0
007 ta
008 220923b |||||||| |||| 00| 0 guj d
024 _a344081
037 _cTextual
040 _aARTS
_cARTS
_bguj
041 _2guj
_aguj
082 _aO15,2v2N1, 156K0
100 _aKeith
_9227289
245 0 _aSanskrit natak
260 _c1960
650 _aSANSKRIT LITERATURE
942 _hO15,2v2N1, 156K0
_cTEXL
_2CC
999 _c470764
_d470764